| 000 | 00473nam a2200169Ia 4500 | ||
|---|---|---|---|
| 003 | LK-CoDNM | ||
| 008 | 010623t2010 xxu||||| |||| 00| 1 sin d | ||
| 040 |
_aLK-CoDNM _dLK-CoDNM _eLK-CoDNM |
||
| 041 | _asin | ||
| 080 | _a294.3 PER | ||
| 100 | _aPerera,Siri Nissanka | ||
| 245 | _aබුදුන් වහන්සේ දුටු විශ්වය | ||
| 246 | _aBudun Wahanse Dutu Vishwaya | ||
| 260 |
_bGodage _aColombo _c2010 |
||
| 300 | _b145, 21 cm | ||
| 942 | _cBK | ||
| 999 |
_c130095 _d130095 |
||